00876nam a2200217 a 450000100100000000500170001000800410002704000250006808200200009310000330011324500740014626000360022030000200025659000260027665000280030265000310033091000420036195201170040395201230052099900150064300000980220240412074213.0091001s1983 dr r 001 p spa d aDO-SdBNPbspacBNPHU aRD861.44bC745L1 aConde Pausas, Alfredo92470210aLiborio y el caudillo de las cinco estrellas /cAlfredo Conde Pausas. aSanto Domingo :bTaller,c1983. a92 p. ;c15 cm. aInventariado, 2018/BT 0aPoesía dominicana966 0aLiteratura dominicana.967 aValidado. Control de calidad. MMOLINA 0010718PDaPDbPDcHDd2009-10-01iLF1l0oRD861.44 C745Lp9802-10r2020-06-25w2020-06-25yLFPDZNo se presta 0010718PDaPDbPDcHDd2009-10-01iLF1l0oRD861.44 C745Lp9802-20r2020-06-25te. 2w2020-06-25yLFPDZNo se presta c9561d9561